Text Recognition using android Based Mobiles (Hard / Soft-copy) (Record no. 196692)

000 -LEADER
fixed length control field 00601 a2200145 4500
003 - CONTROL NUMBER IDENTIFIER
control field Nust
005 - DATE AND TIME OF LATEST TRANSACTION
control field 20170207154319.0
040 ## - CATALOGING SOURCE
Transcribing agency Nust
082 ## - DEWEY DECIMAL CLASSIFICATION NUMBER
Classification number 005.1
100 ## - MAIN ENTRY--PERSONAL NAME
Personal name NC Nitaasha Safeer BESE-14
245 ## - TITLE STATEMENT
Title Text Recognition using android Based Mobiles (Hard / Soft-copy)
260 ## - PUBLICATION, DISTRIBUTION, ETC.
Place of publication, distribution, etc. Rawalpindi
Name of publisher, distributor, etc. MCS
Date of publication, distribution, etc. 2012
505 ## - FORMATTED CONTENTS NOTE
Formatted contents note Introduction (Page-1) Literature Review (Page-8) System Requirements Specification (Page-9) Systems Design and Specifications (Page-28) System Implementation (Page-57) Test and Result Analysis (Page-60) Conclusion and Future Work (Page-69)
538 ## - SYSTEM DETAILS NOTE
System details note Almirah No.71 Shelf No.6
942 ## - ADDED ENTRY ELEMENTS (KOHA)
Source of classification or shelving scheme
Koha item type Book
Holdings
Withdrawn status Lost status Source of classification or shelving scheme Damaged status Not for loan Permanent Location Current Location Shelving location Date acquired Full call number Barcode Date last seen Price effective from Koha item type Public note
          Military College of Signals (MCS) Military College of Signals (MCS) Reference 12/12/2016 005.1,SAF MCSPCS-209 12/08/2016 12/12/2016 Project Report Almirah No. 89, Shelf No. 4
© 2023 Central Library, National University of Sciences and Technology. All Rights Reserved.